Statistiken für Grenzbahnhöfe Österreichs

Klicken Sie hier um das Quiz zu spielen!

Allgemein

  • Dieses Quiz wurde 21 mal gespielt
  • Das Durchschnittsergebnis liegt bei 21 aus 54

Antwortstatistiken

BahnhofStreckeLand/Bundesland% Korrekt
Salzburg LieferingSalzburg - RosenheimSalzburg
94%
KufsteinKufstein - RosenheimTirol
82%
FreilassingSalzburg - RosenheimDeutschland
76%
Passau HbfPassauer BahnDeutschland
76%
BrenneroBrennerbahnItalien
71%
Lindau-ReutinVorarlberger BahnDeutschland
65%
Bratislava-PetržalkaParndorf - BratislavaSlowakei
59%
Braunau am InnInnkreisbahnOberösterreich
59%
Gmünd NÖFranz-Josefs-BahnNiederösterreich
59%
KiefersfeldenKufstein - RosenheimDeutschland
53%
KittseeParndorf - BratislavaBurgenland
53%
Simbach am InnInnkreisbahnDeutschland
53%
Tarvisio BoscoverdeRudolfsbahnItalien
53%
České VeleniceFranz-Josefs-BahnTschechien
47%
Lochau-HörbranzVorarlberger BahnVorarlberg
47%
MarcheggMarchegger OstbahnNiederösterreich
47%
MittenwaldMittenwaldbahnDeutschland
47%
ScharnitzMittenwaldbahnTirol
47%
SopronBurgenlandbahn,
Mattersburger Bahn,
Raab-Ödenburger Bahn
Ungarn
47%
Spielfeld-StraßSüdbahnSteiermark
47%
St. MargrethenLauterach - St. Margr.Schweiz
47%
Wernstein am InnPassauer BahnOberösterreich
47%
BernhardsthalNordbahnNiederösterreich
41%
BřeclavNordbahnTschechien
41%
SummerauSt. Valentin - České B.Oberösterreich
41%
DeutschkreutzBurgenlandbahnBurgenland
35%
Gries am BrennerBrennerbahnTirol
35%
HegyeshalomOstbahnUngarn
35%
JeseniceRosentalbahnSlowenien
35%
LustenauLauterach - St. Margr.Vorarlberg
35%
NickelsdorfOstbahnBurgenland
35%
Devínska Nová VesMarchegger OstbahnSlowakei
29%
Ehrwald ZugspitzbahnAußerfernbahnTirol
29%
Loipersbach-SchattendorfMattersburger BahnBurgenland
29%
MogersdorfGrazer OstbahnBurgenland
29%
SzentgotthárdGrazer OstbahnUngarn
29%
Vils StadtAußerfernbahnTirol
29%
BleiburgDrautalbahnKärnten
24%
Pfronten-SteinachAußerfernbahnDeutschland
24%
RosenbachRosentalbahnKärnten
24%
Thörl-MaglernRudolfsbahnKärnten
24%
Baumgarten-SchattendorfRaab-Ödenburger-BahnBurgenland
18%
Fertőszéplak-FertődNeusiedler SeebahnUngarn
18%
Horní DvořištěSt. Valentin - České B.Tschechien
18%
NendelnFeldkirch - Buchs SGLiechtenstein
18%
PamhagenNeusiedler SeebahnBurgenland
18%
SentiljSüdbahnSlowenien
18%
TisisFeldkirch - Buchs SGVorarlberg
18%
UnterretzbachNordwestbahnNiederösterreich
18%
Griesen (Oberbayern)AußerfernbahnDeutschland
12%
ŠatovNordwestbahnTschechien
12%
HolmecDrautalbahnSlowenien
6%
Versciaco-ElmoDrautalbahnItalien
6%
WeitlanbrunnDrautalbahnTirol
6%

Verteilung der Resultate

Perzentil nach korrekt beantworteten Fragen

Anzahl Personen mit jedem Resultat

Ihre Resultats-Entwicklung

Sie haben dieses Quiz noch nicht gespielt